header

Vagueness (Record no. 29175)

MARC details
000 -LEADER
fixed length control field 01197nam a2200325 a 4500
082 04 - DEWEY DECIMAL CLASSIFICATION NUMBER
Classification number 160
100 1# - MAIN ENTRY--AUTHOR NAME
Personal name Williamson, Timothy.
245 10 - TITLE STATEMENT
Title Vagueness
260 ## - PUBLICATION, DISTRIBUTION, ETC. (IMPRINT)
Place of publication New York :
Name of publisher Routledge,
Year of publication 1996.
300 ## - PHYSICAL DESCRIPTION
Number of Pages xiii, 325 p.
490 1# - SERIES STATEMENT
Series statement Problems of philosophy
650 #0 - SUBJECT ADDED ENTRY--TOPICAL TERM
Topical Term Vagueness (Philosophy)
856 40 - ELECTRONIC LOCATION AND ACCESS
Uniform Resource Identifier http://site.ebrary.com/lib/rucke/Doc?id=10017819

No items available.

© 2026 Rongo University
Contact us: librarian | system librarian | Rongo university